30 Facts That Start with 'G' Quiz Stats

Quiz Updated Nov 7, 2017

Also try: The Three Quiz
Challenge
Share
Tweet
Embed
Score 0/30 Timer 05:00
2 Plays Today
Question Answer % Correct
What is the first book of the Old Testament?Genesis
94.6%
What name is shared by James, 20th U.S. President, and a cartoon cat?Garfield
86.7%
In what sport could you win the Claret Jug and the Green Jacket?Golf
86.2%
A gander is the male of what type of bird?Goose
83.6%
Which music awards were first given on May 4th 1959?Grammys
83%
Gingivitis affects what part of the body?Gums
79%
Found in Yellowstone National Park, what is 'Old Faithful'?Geyser
77.6%
Which Ridley Scott film earned Russell Crowe a Best Actor Oscar?Gladiator
75.8%
Which word for a star system gets its name from the Greek for 'milk'?Galaxy
75.8%
Accra is the capital city of what African country?Ghana
73.6%
What is Scotland's largest city?Glasgow
73.2%
Which Indian leader was assassinated in 1948?Gandhi (Mahatma)
71.1%
Olga Korbut and Nadia Comaneci were Olympic champions in what sport?Gymnastics
69.5%
What name was given to the secret police of Nazi Germany?Gestapo
68.9%
In what TV series does Jane Lynch play Sue Sylvester?Glee
68.6%
Question Answer % Correct
Which fashion house, named after its founder, was formed in Florence in 1921?Gucci
67.8%
What British overseas territory is a rock on the southern coast of Spain?Gibraltar
64.6%
Liberty City and Vice City are locations in what computer game series?Grand Theft Auto
64.4%
In the animated series, what is the name of Wallace's faithful dog?Gromit
64.3%
What type of small green cucumber is often used in pickles?Gherkin
62.9%
Which epic TV series is based on George R. R. Martin's 'A Song of Ice and Fire'?Game of Thrones
61.7%
Who plays the British Prime Minister in the film 'Love Actually'?Grant (Hugh)
58.6%
Which English comedian co-created 'The Office' and 'Extras'?Gervais (Ricky)
57.8%
What was the surname of German folk writers Jacob and Wilhelm?Grimm
56.9%
What metric prefix represents 10 to the power of 9?Giga-
56.5%
Who played Frasier Crane in 'Cheers' and 'Frasier'?Grammer (Kelsey)
55.4%
Which percussion instrument takes its name from the German for 'bells' and 'play'?Glockenspiel
46.2%
The Mogwai species feature in what 1984 film?Gremlins
40.3%
Travelling in Vostok I, who became the first man in space in 1961?Gagarin (Yuri)
40.2%
'Brighton Rock' and 'Our Man in Havana' are novels by which British author?Greene (Graham)
21.7%

You're not logged in!

Compare scores with friends on all Sporcle quizzes.
Sign Up with Email
OR
Log In

You Might Also Like...

Show Comments

Extras

Top Quizzes Today


Score Distribution

Your Account Isn't Verified!

In order to create a playlist on Sporcle, you need to verify the email address you used during registration. Go to your Sporcle Settings to finish the process.